000 00517nam a22001937a 4500
003 MPLRDC
005 20220104142904.0
008 210129b ||||| |||| 00| 0 eng d
020 _a957-32-2122-5
082 _a177 OTT
100 _aHERBERT A. OTTO博士
245 _a如何激发潜能
_c刘君业译
250 _a初版一刷
260 _a台湾
_b远流出版事业股份有限公司
_c1994
300 _b198
490 _a大众心理学丛书. 87
650 _a应用心理学
942 _cBK
_o177 OTT
999 _c34573
_d34563